Statistics for Top 20 Most Famous US Cities

Click here to take the quiz!

General Stats

  • This quiz has been taken 741 times
  • The average score is 16 of 20

Answer Stats

%City% Correct
99New York
99%
99Los Angeles
97%
97Chicago
95%
96Miami
95%
95San Francisco
92%
95Boston
89%
96Dallas
89%
94Houston
89%
94Seattle
86%
92Washington
84%
92Philadelphia
79%
86Las Vegas
78%
88Detroit
77%
90San Diego
77%
91Atlanta
76%
87Denver
72%
88Phoenix
72%
86New Orleans
69%
86Portland
66%
86Minneapolis
55%

Score Distribution

Percentile by Number Answered

Percent of People with Each Score

Your Score History

You have not taken this quiz